ORGANIZATION DEVELOPMENT (Record no. 14245)
[ view plain ]
| 000 -LEADER | |
|---|---|
| fixed length control field | 00293nam a22001457a 4500 |
| 003 - CONTROL NUMBER IDENTIFIER | |
| control field | SGT |
| 020 ## - INTERNATIONAL STANDARD BOOK NUMBER | |
| International Standard Book Number | 658.9 |
| 082 ## - DEWEY DECIMAL CLASSIFICATION NUMBER | |
| Classification number | FRE |
| 100 ## - MAIN ENTRY--PERSONAL NAME | |
| Personal name | FRENCH, WENDELL L. |
| 245 ## - TITLE STATEMENT | |
| Title | ORGANIZATION DEVELOPMENT |
| 250 ## - EDITION STATEMENT | |
| Edition statement | 6TH |
| 260 ## - PUBLICATION, DISTRIBUTION, ETC. (IMPRINT) | |
| Place of publication, distribution, etc | PEARSON INDIA |
| Year of Publication | 2017 |
| 300 ## - PAGE DESCRIPTION | |
| No. of Pages | 234 |
| 942 ## - ADDED ENTRY ELEMENTS (KOHA) | |
| Source of classification or shelving scheme | Dewey Decimal Classification |
| Koha item type | Books |
| 942 ## - ADDED ENTRY ELEMENTS (KOHA) | |
| -- | 15 |
| Withdrawn status | Lost status | Source of classification or shelving scheme | Damaged status | Not for loan | Collection code | Home library | Current library | Shelving location | Date acquired | Vendor Name | Cost, normal purchase price | SGTU | Bill Number | Total Checkouts | Full call number | Accession No. (Barcode) | Date last seen | Date last borrowed | Bill Date | Koha item type |
|---|---|---|---|---|---|---|---|---|---|---|---|---|---|---|---|---|---|---|---|---|
| Withdrawn | Dewey Decimal Classification | COMMERCE MANAGEMENT | SGT Science & Social Sciences Library | SGT Science & Social Sciences Library | Text Book | 27/12/2017 | AHUJA BOOKS | 549.00 | SGTU | 9088 | 2 | FRE | CM3841 | 04/01/2021 | 13/03/2020 | Books | ||||
| Dewey Decimal Classification | COMMERCE MANAGEMENT | SGT Science & Social Sciences Library | SGT Science & Social Sciences Library | Text Book | 27/12/2017 | AHUJA BOOKS | 549.00 | SGTU | 9088 | 9 | FRE | CM3842 | 25/05/2022 | 17/05/2022 | Books | |||||
| Dewey Decimal Classification | COMMERCE MANAGEMENT | SGT Science & Social Sciences Library | SGT Science & Social Sciences Library | Text Book | 27/12/2017 | AHUJA BOOKS | 549.00 | SGTU | 9088 | 11 | FRE | CM3843 | 14/03/2023 | 10/03/2023 | Books | |||||
| Dewey Decimal Classification | COMMERCE MANAGEMENT | SGT Science & Social Sciences Library | SGT Science & Social Sciences Library | Text Book | 27/12/2017 | AHUJA BOOKS | 549.00 | SGTU | 9088 | 8 | FRE | CM3844 | 01/08/2025 | 01/08/2025 | Books | |||||
| Dewey Decimal Classification | COMMERCE MANAGEMENT | SGT Science & Social Sciences Library | SGT Science & Social Sciences Library | Text Book | 27/12/2017 | AHUJA BOOKS | 549.00 | SGTU | 9088 | 12 | FRE | CM3845 | 12/10/2022 | 29/09/2022 | Books |